000 00759nam a2200193 i 4500
001 189335
003 ES-MaACL
005 20251114063129.0
008 190523s1935 fr cf |||| |bspa d
080 _a929 Catalina (470) II
100 1 _aMurat, Marie de Rohan-Chabot,
_d1876-1951,
_cprincesse
_9167112
245 1 3 _aLa Grande Catherine
_b: impératrice de Russie /
_cprincesse Lucien Murat.
260 _aParis :
_bFlammarion,
_c[1935]
300 _a124 p., [4] h. de lám. ;
_c18 cm.
599 _aAvec quatre planches hors-texte tirées en héliogravure.
600 0 4 _aCatalina
_bII
_cEmperatriz de Rusia.
_937041
852 _aES-MaACL
_jL-32340
_z. - Donat. herederos de la bibl. de Mª del Pilar Costa Palacín
999 _c189335
_d189335